Football : ils ont gagné la Champions League avec 2 clubs - Statistiques

Statistiques générales
  • Ce quiz a été pris 137 fois
  • Le résultat moyen est 8 sur 23
Statistiques - réponses
Clubs Joueur % Correct
Bayern/PSG Lucas Hernandez
85%
Manchester United/Real Cristiano Ronaldo
84%
Real/PSG Achraf Hakimi
74%
Bayern/Real Toni Kroos
68%
Barca/Inter Samuel Eto'o
65%
Porto/Barça Deco
54%
Ajax/Real/Milan Clarence Seedorf
50%
Chelsea/Real Antonio Rudiger
45%
Liverpool/Real Xabi Alonso
38%
Barça/Bayern Thiago Alcantara
35%
Manchester United/Barca Gérard Piqué
28%
Bayern/Real David Alaba
27%
Real/Chelsea Mateo Kovacic
26%
Ajax/Manchester United Edwin Van Der Sar
21%
Porto/Chelsea José Bosingwa
17%
Barça/Inter Thiago Motta
15%
Porto/Chelsea Paulo Ferreira
12%
Chelsea/Real Kepa
10%
Chelsea/Liverpool Daniel Sturridge
9%
Bayern/Manchester United Owen Hargreaves
7%
Liverpool/Manchester City Scott Carson
5%
Bayern/Liverpool Xherdan Shaqiri
3%
Real/Milan Fernando Redondo
2%
Aucun quiz correspondant
Distribution des résultats
% des personnes avec chaque résultat
Percentile par nombre de réponses
Votre historique - résultats
Vous n’avez pas pris ce quiz